Saksan suurimmat kaupungit - Extreme - Statistics

Yleistilastot
  • Tätä visaa on pelattu 565 kertaa
  • Keskiarvotulos 39 / 101
Vastaustilastot
Väkiluku Kaupunki % Oikein
3 520 031 Berliini
100%
1 450 381 München
97%
1 787 408 Hampuri
95%
732 688 Frankfurt am Main
93%
1 060 582 Köln
91%
612 178 Düsseldorf
83%
623 738 Stuttgart
81%
560 472 Leipzig
79%
543 825 Dresden
77%
557 464 Bremen
76%
586 181 Dortmund
75%
532 163 Hannover
75%
509 975 Nürnberg
73%
318 809 Bonn
72%
582 624 Essen
71%
246 306 Kiel
71%
305 780 Mannheim
61%
206 011 Rostock
61%
310 039 Münster
55%
286 374 Augsburg
54%
307 755 Karlsruhe
53%
216 253 Lyypekki
53%
333 090 Bielefeld
51%
167 745 Potsdam
51%
245 885 Aachen
50%
163 487 Leverkusen
50%
364 742 Bochum
49%
350 046 Wuppertal
49%
178 151 Saarbrücken
48%
122 636 Ulm
48%
491 231 Duisburg
47%
124 045 Wolfsburg
47%
235 723 Magdeburg
46%
209 779 Mainz
46%
226 393 Freiburg im Breisgau
45%
156 267 Heidelberg
44%
259 996 Mönchengladbach
43%
210 118 Erfurt
42%
109 527 Jena
42%
260 368 Gelsenkirchen
41%
197 984 Kassel
40%
248 645 Chemnitz
39%
162 403 Osnabrück
39%
251 364 Braunschweig
37%
155 353 Darmstadt
37%
132 438 Ingolstadt
37%
112 586 Koblenz
37%
148 126 Paderborn
37%
236 991 Halle
36%
85 942 Flensburg
34%
114 914 Trier
34%
276 218 Wiesbaden
34%
99 687 Cottbus
33%
118 914 Göttingen
33%
145 465 Regensburg
33%
114 025 Bremerhaven
32%
98 520 Kaiserslautern
32%
163 830 Oldenburg
32%
91 123 Zwickau
32%
210 934 Oberhausen
31%
124 873 Würzburg
31%
179 397 Hamm
29%
225 144 Krefeld
29%
155 851 Herne
26%
96 011 Gera
25%
189 044 Hagen
25%
124 171 Fürth
24%
169 278 Mülheim an der Ruhr
23%
122 247 Pforzheim
23%
87 464 Tübingen
23%
82 859 Konstanz
22%
158 726 Solingen
22%
117 143 Bottrop
21%
101 667 Hildesheim
21%
164 718 Ludwigshafen am Rhein
21%
96 800 Schwerin
21%
114 310 Reutlingen
20%
82 102 Worms
19%
122 567 Heilbronn
18%
101 079 Salzgitter
18%
91 271 Esslingen am Neckar
17%
155 414 Neuss
17%
114 330 Recklinghausen
17%
111 366 Bergisch Gladbach
16%
123 734 Offenbach am Main
16%
108 336 Erlangen
15%
93 537 Iserlohn
15%
92 973 Ludwigsburg
14%
104 529 Moers
14%
87 943 Ratingen
14%
109 499 Remscheid
13%
96 700 Witten
13%
90 244 Düren
12%
97 586 Gütersloh
12%
85 867 Lünen
12%
102 355 Siegen
12%
84 674 Villingen-Schwenningen
10%
82 919 Dessau-Roßlau
9%
92 643 Hanau
9%
83 926 Marl
6%
84 455 Gießen
4%
Ehtoja vastaavia visoja ei löytynyt
Tulosjakauma
Jokaisen tuloksen saaneiden osuus
Persentiili vastausten määrän mukaan
Tuloshistoriasi
Et ole pelannut tätä visaa